Widok standardowy
Widok MARC
Pozycja Personal Name
Liczba rekordów, w których użyto hasła: 1
001 - Numer kontrolny
- control field: 37610
003 - Identyfikator numeru kontrolnego
- control field: NUKAT
005 - Data i czas ostatniej modyfikacji
- control field: 20260306134839.0
008 - Dane kontrolne kodowane (40 znaków)
- fixed length control field: 041201n||a|znnaabn |a aaa |c
010 ## - Numer kontrolny Biblioteki Kongresu
- numer kontrolny LC: n 2004254582
024 7# - OTHER STANDARD IDENTIFIER
- Standard number or code: 311228155
- Source of number or code: viaf
040 ## - Instytucja sporządzająca rekord
- inst. przygot. dane do rek. khw: POZN U/JJ
- język haseł przedmiotowych/tezaurus: kaba
- inst. wprow. rek. khw: POZN U/JJ
- inst. modyf. rek. khw: WA U/MIM
- inst. modyf. rek. khw: WA U/DUN6AX
100 0# - Hasło - nazwa osobowa
- nazwa osobowa w formie ujednoliconej: N. P.
670 ## - Źródło informacji
- źródło informacji: Kp. Wypisy do tłómaczenia z niemieckiego na polskie i z polskiego na niemieckie / ułożone przez Józefa Ławickiego. - 4 wyd. popr. i pomn. krótką gramatyką, oraz kawałkami niemieckimi i polskimi / przez N. P. - Gniezno, 1872.
670 ## - Źródło informacji
- źródło informacji: Kp. Literæ Ad Amicum Quibus De Cl. Virorum J. Th. Kleinii & Jo. Phil. Breynii [...] / [N. P.] - (Amstelodami, 1732).
670 ## - Źródło informacji
- źródło informacji: Kp. Wszyscy Błądzą Czyli Sprawa Z Obydwoch Stron Niesłuszna Albo Sąd Oboiętny Jedney Damy Filozofki W Teraznieyszych Okolicznosciach Jezuitow Francuzkich Roku 1762. Wydany A Z Francuzkiego Przetłumaczony w Polskim Ięzyku Do Druku Podany Od N. P. - W Gdansku, 1766.
- gdzie znaleziono informację: Tł.
670 ## - Źródło informacji
- źródło informacji: Kp. Polnoe izloženie pravil vesennâgo lečeniâ boleznej... / soč. doktora K. Kaspari ; perevod s niemieckago N. P. s receptami. - Moskva, 1839.
- gdzie znaleziono informację: Tł.